| 000 | 00408nam a2200157 i 4500 | ||
|---|---|---|---|
| 001 | 68237 | ||
| 003 | ES-MaACL | ||
| 005 | 20230906170230.0 | ||
| 007 | t| | ||
| 008 | 040611s1965 sp ||||1| spa d | ||
| 100 | 1 |
_aGarcía, Romano. _954091 |
|
| 245 | 1 | 0 |
_aOpresión y revolución / _cRomano García. |
| 260 |
_aMadrid : _bZYX, _c1965. |
||
| 300 |
_a94 p. ; _c17 cm. |
||
| 852 |
_aES-MaACL _jC-27752 _bR.56732 |
||
| 999 |
_c68237 _d68237 |
||